|
|
|
|
| LEADER |
00000nam a2200000 a 4500 |
| 001 |
vtls001205108 |
| 003 |
SK-MaSNL |
| 005 |
20260301101434.0 |
| 008 |
250414s1990 xo 0 slo |
| 035 |
|
|
|a SNK000148178
|
| 040 |
|
|
|a SNK
|b slo
|c SNK
|e AACR2
|
| 041 |
0 |
|
|a slo
|
| 044 |
|
|
|a xo
|c SK
|
| 080 |
|
|
|a 746.4(084.12)
|2 1981
|
| 100 |
1 |
|
|a Dudášová, Viera
|4 aut
|9 275343
|
| 245 |
1 |
0 |
|a Malá škola pletenia
|b Čipkové vzory
|c Viera Dudášová, Miloš Vančo ; Sylvia Hložníková
|
| 250 |
|
|
|a 1. vyd.
|
| 260 |
|
|
|a Bratislava
|b ČSTK-Pressfoto
|c 1990
|e Skalica
|f Grafobal
|
| 300 |
|
|
|a 9 l.
|c 15x11 cm.
|
| 366 |
|
|
|e 58 000 výtl.
|
| 500 |
|
|
|a Fotosúbor. 26 s. textu a 9 fareb. fotogr. v prebale.
|
| 500 |
|
|
|a Graf. úpr. a kresby Sylvia Hložníková.
|
| 655 |
|
7 |
|a fotosúbory
|2 SNK
|9 76380
|
| 700 |
1 |
|
|a Vančo, Miloš,
|d 1945-
|4 aut
|9 7748
|
| 700 |
1 |
|
|a Hložníková, Sylvia,
|d 1950-
|4 oth
|9 159014
|
| 852 |
|
|
|a Slovenská národná knižnica
|
| 958 |
|
|
|a TL
|
| 958 |
|
|
|a OND
|
| 999 |
|
|
|c 689239
|d 691169
|
| 952 |
|
|
|t P60, <04>, [BOOK], {604}
|a SNK
|b SNK
|y VYP
|7 0
|p 17A0146079
|o snkOSE 2706 D1
|0 0
|1 0
|4 0
|d 1998-07-02
|l 0
|r 2005-01-01 00:00:00
|w 2026-02-23
|